|
|
|
|
| LEADER |
00000nam a2200000 a 4500 |
| 001 |
vtls001120389 |
| 003 |
SK-MaSNL |
| 005 |
20260301183701.0 |
| 008 |
250414s1987 xo 0 slo |
| 015 |
|
|
|a SNBA1988/01
|
| 035 |
|
|
|a SNK000063232
|
| 040 |
|
|
|a SNK
|b slo
|c SNK
|e AACR2
|
| 041 |
0 |
|
|a slo
|
| 044 |
|
|
|a xo
|c SK
|
| 080 |
|
|
|a 908(234.372.3)(036)
|2 1981
|
| 100 |
1 |
|
|a Gargulák, Jozef
|4 aut
|9 278931
|
| 245 |
1 |
0 |
|a Vrátna
|c Jozef Gargulák, Vladimír Križo ; Peter Buzinkay
|
| 250 |
|
|
|a 4. noveliz. vyd.
|
| 260 |
|
|
|a Bratislava
|b Šport
|c 1987
|e Nitra
|f Nitrianske tlačiarne
|
| 300 |
|
|
|a 128 s., 6,98 AH
|b 1 voľná mp. príl.
|c 17 cm
|
| 366 |
|
|
|e 15000 výtl.
|
| 490 |
0 |
|
|a Stručný sprievodca
|
| 700 |
1 |
|
|a Križo, Vladimír
|4 aut
|9 6410
|
| 700 |
1 |
|
|a Buzinkay, Peter
|4 bkd
|9 279114
|
| 852 |
|
|
|a Slovenská národná knižnica
|
| 954 |
|
|
|a Vrátna
|a sprievodca turistický
|
| 958 |
|
|
|a OND
|
| 958 |
|
|
|a TL
|
| 999 |
|
|
|c 857922
|d 859852
|
| 952 |
|
|
|t P60, <04>, [BOOK], {604}
|a SNK
|b SNK
|y VYP
|7 0
|p 17A0262969
|o snkSD 59444 D1
|0 0
|1 0
|4 0
|d 2000-12-12
|l 0
|r 2004-12-31 00:00:00
|w 2026-02-24
|